00282nam a2200097Ia 4500008004100000082002100041100002200062245005600084260003400140300001000174210430s9999 xx 000 0 und d a620.11292 C853 M aThomas H.Courtney aMechanical Behavior of MaterialscThomas H.Courtney aNew York bMcGraw Hill c1990 a710p.